Riconosci il Pokémon - Quiz n°790 - Statistics

Statistiche generali
  • Questo quiz è stato fatto 0 volte
  • Il punteggio medio è 0 su 10
Statistiche sulle risposte
Indizio Riposta % Corretto
Altezza 0,8 m
0%
Tasso di cattura 120 (24.9%)
0%
Peso 16,0 kg
0%
Sesso 50% ♂, 50% ♀
0%
Pokémon Corvisquire
0%
Tasso di allevamento Medio-Lento
0%
Generazione Ottava
0%
Stadio evoluzione Prima evoluzione
0%
Abilità Sguardofermo; Agitazione; Pettinfuori
0%
Tipo Volante
0%
Nessun quiz corrispondente trovato
Distribuzione punteggi
Percentuale di utenti per punteggio
Percentile per numero di risposta
I tuoi punteggi nel tempo
Non hai fatto questo quiz